| 000 | 00458nam a2200169Ia 4500 | ||
|---|---|---|---|
| 008 | 230917s9999||||xx |||||||||||||| ||und|| | ||
| 020 | _cRS1600 | ||
| 040 |
_e256327 _aMAIN |
||
| 041 | _aEnglish | ||
| 082 | _a613.7046 B198T | ||
| 100 | _aBali, Vinod Marotrao | ||
| 245 | 0 | _aText book of yoga and health | |
| 260 |
_aNew Delhi _bKhel Sahitya Kendra _c2017 |
||
| 300 | _a383 p. | ||
| 500 | _a3507 16/07/2019 HBD19/7924 07/08/2019 Main Budget | ||
| 942 | _cBK | ||
| 999 |
_c31710 _d31710 |
||